| 000 | 00404nam a2200157Ia 4500 | ||
|---|---|---|---|
| 008 | 160316s1980 xxu||||| |||| 00| 0 eng d | ||
| 082 |
_a341.000000 _bHIN |
||
| 100 | _aHingorani R C | ||
| 245 | _aStudies in international law | ||
| 250 | _a | ||
| 260 |
_aNew Delhi _bOxford & IBH Publishing Co. _c1980 |
||
| 300 |
_a115p. _b20 cm _cv |
||
| 365 | _bRs.60/- | ||
| 650 | _a1.International Law | ||
| 700 |
_a _a |
||
| 999 |
_c6067 _d6067 |
||